000 00598nam a2200217Ia 4500
005 20260429112310.0
008 260429s9999||||xx |||||||||||||| ||und||
020 _a9789386559098
041 _aEnglish
082 _a624.151
_bSIN
100 _aSingh, S K
245 0 _aPrinciples of engineering geology /
_cS K Singh
250 _a1st ed.
260 _aNew Delhi :
_bVenus Books, Publishers & Distributors,
_c2023.
300 _aix, 308 p.; hb
650 _a Earth sciences
650 _a Geology
650 _a Geotechnical engineering
650 _aEngineering geology
942 _cTB
999 _c53376
_d53376